000 00708nam a2200289Ia 4500
005 20260324143327.0
008 008 260324s9999 xx 000 0 eng d
020 _a9780203410974
037 _aEBOOK
040 _aCRL
040 _beng
040 _cCRL
041 _2eng
041 _aeng
084 _qCRL
100 _aR. W. Davis; R. J. Helmstadter
_91215244
245 0 _aReligion and Irreligion in Victorian Society
245 0 _bEssays in Honor of R.K. Webb
260 _bTaylor and Francis
260 _c1992
365 _a
365 _b145
856 _uhttp://www.taylorfrancis.com/books/9780203410974
942 _cEBOOK
999 _c1820477
_d1820477